Význam cestovného ruchu vo vybranej lokalite bakalárska práca

Guardado en:
Detalles Bibliográficos
Autor principal: Kollárová, Terézia
Autor Corporativo: Obchodná fakulta EU. Katedra služieb a cestovného ruchu - zrušené
Otros Autores: Zemanová, Lenka, 1995-
Formato: Libro
Lenguaje:eslovaco
Publicado: Bratislava 2022
Etiquetas: Agregar Etiqueta
Sin Etiquetas, Sea el primero en etiquetar este registro!

MARC

LEADER 00000nbm a2200000 4500
001 0285868
005 20221205132036.4
041 0 |a slo 
044 |a SK 
245 1 0 |a Význam cestovného ruchu vo vybranej lokalite  |b bakalárska práca  |c Terézia Kollárová ; školiteľ: Lenka Zemanová 
264 1 |a Bratislava  |c 2022 
300 |a 60 s. 
100 1 |a Kollárová, Terézia 
700 1 |a Zemanová, Lenka, 1995- 
710 2 |a Obchodná fakulta EU. Katedra služieb a cestovného ruchu - zrušené